000 01023nam a22002897a 4500
005 20101227110333.0
008 101227t xxu||||| |||| 00| 0 eng d
010 _aENG-101867
020 _a9780071074063
_c325.00
020 _a0071074066
_c325.00
035 _aEN-85400
037 _bDBAD/PUB
040 _adpl
_bEng
082 _a001.433
100 _925104
_aGillham, Bill
245 _aResearch interviewing :
_cby Bill Gillham
_bthe range of techniques /
260 _aNew Delhi
_bTata McGraw Hill
_c2010
270 _a7 West Patel Nagar
_bNew Delhi
_e110008
300 _ax, 173 p. :
_c24cm (pbk)
_bill.
500 _aIncludes bibliographical references (p. [169]-170) and index.
650 _aResearch
_925107
_xMethodology.
650 _aInterviewing
_925108
650 _925109
700 _925105
942 _2ddc
_cEN
_h001.433
_mGIL
999 _c49517
_d49517